00614nam a2200133Ia 4500008004100000100002700041245012300068245014000191260005300331260000900384300001100393650001500404856006100419170221s9999 xx 000 0 und d aValentin Y. Lyubashits aPsychological Bases of Formation of Key Economical Information Technology Specialist Competencies of Higher Education  cValentin Y. Lyubashits, Alexei A. Shirshov, Leonid M. Lopukhinskiy, Tаtyаnа O. Bondаrеvа, Faiz F. Khizbullin, Lydia M. Stratonova bInternational Review of Management and Marketing c2016 a6 : 1S xMarketing. uhttp://www.econjournals.com/index.php/irmm/issue/view/70